[Event "NED-ch54"]
[Site "Rotterdam "]
[Date "1999.06.01"]
[Round "4"]
[White "Van der Sterren, Paul"]
[Black "Van der Wiel, John"]
[Result "1/2-1/2"]
[WhiteElo "2535"]
[BlackElo "2526"]
[Annotator "Ribli,Z"]
[PlyCount "115"]
[EventDate "1999.05.29"]
[EventType "tourn"]
[EventRounds "11"]
[EventCountry "NED"]
[EventCategory "12"]
[SourceTitle "CBM 072"]
[Source "ChessBase"]
[SourceDate "1999.10.01"]
[SourceVersion "1"]
[SourceVersionDate "1999.10.01"]
[SourceQuality "1"]

{[%mdl 4128]} 1. c4 e5 2. Nc3 d6 3. Nf3 f5 {Diese Variante ist sehr beliebt
und führt zu originellem Spiel mit beiderseitigen Chancen. Ribli.} 4. d4 e4 5.
Ng5 {Der Springer strebt nach f4.} c6 6. Nh3 Na6 (6... Nf6 7. Bg5 h6 8. Bxf6
Qxf6 9. e3 $14) (6... d5) 7. g3 Nf6 (7... g6 8. Nf4 (8. Bg2 Bg7 9. O-O Nf6 10.
Bg5 h6 11. Bxf6 Qxf6 12. e3 O-O {1/2-1/2 Jussupow,A-Hansen,C/Hamburg 1991/CBM
24 (12)}) 8... Nf6 9. h4 Nc7 10. d5 Bd7 11. Bg2 c5 12. f3 Qe7 13. fxe4 fxe4 14.
Qc2 Bf5 15. h5 g5 16. Ne6 Bxe6 17. dxe6 Nxe6 18. Nxe4 Nxe4 19. Qxe4 O-O-O {
1/2-1/2 Lputian,S-Hansen,C/Wijk aan Zee 1993/CBM 34 (34)}) 8. Bg2 Nc7 (8... Be7
9. O-O O-O 10. d5 c5 $2 (10... Nc7 $5) 11. f3 $14 {Lautier,J-Magem Badals,J/
Pamplona/1992/CBM33/INF56,29/}) (8... g6 9. O-O Bg7 10. d5 O-O 11. Bf4 cxd5 12.
Nxd5 h6 13. Nc3 Rf7 14. Bxd6 Rd7 15. Nb5 Bf8 16. Qb3 Rxd6 17. Nxd6 Qxd6 18. Nf4
Kh7 19. Rad1 Qe7 20. f3 Nc5 {0-1 Renet,O-Jussupow,A/Kaufbeuren 1993/EXT 97 (40)
}) 9. O-O Be7 10. f3 $5 {Auf diese Weise kann Weiss das stolze schwarze
Zentrum sprengen.} (10. Nf4 g5 (10... O-O $5) 11. Nh3 h6 12. f3 exf3 (12... d5)
13. exf3 Be6 14. d5 $1 cxd5 15. cxd5 Nfxd5 16. f4 Nxc3 17. bxc3 g4 18. Nf2 Bf6
$2 (18... O-O $5) 19. Ba3 $1 d5 (19... Bxc3 $2 20. Rc1 Bf6 21. Re1 $18) 20. Rb1
b6 21. Re1 Kf7 22. Rxe6 Kxe6 (22... Nxe6 23. Bxd5 Re8 24. Qb3 Qd7 25. Re1 $44)
23. Qd3 Qd7 24. c4 $1 {1-0 Dao Thien Hai-Bezold,M/Budapest 1994/CBM 40/[Ribli]
(36)}) 10... exf3 (10... d5 $5) 11. exf3 (11. Bxf3 d5 $13 (11... O-O $6 12. d5
$14 {[%csl Ye6][%cal Gh3f4,Gf4e6,Gh3g5,Gg5e6]})) 11... d5 {Schwarz muss so
spielen, sonst bekommt Weiss freie Hand mit 12.d5.} (11... O-O 12. d5 $14) 12.
cxd5 Nfxd5 $11 {[%csl Ye5] Das e5-Feld ist ein wenig schwach in der schwarze
Stellung, aber Schwarz kontrolliert stark das Blockadefeld d5 des isolierten
weissen Damenbauern.} (12... Ncxd5 $11) 13. Nf4 {Es ist logisch, dass Weiss
den starken Springer tauschen möchte.} O-O 14. Qb3 {[%cal Gb3g8]} (14. Nfxd5
Nxd5 15. Nxd5 Qxd5 16. f4 Qf7 $15 {[%csl Yd5][%cal Gc8e6,Ge6d5]}) 14... Bf6 15.
Rd1 Rf7 {Schwarz beseitigt die Fesselung in der a2-g8-Diagonalen.} 16. Nfxd5
Nxd5 17. Nxd5 Qxd5 (17... cxd5 18. Bf4 $14) 18. Qxd5 (18. f4 $2 Bxd4+ 19. Kh1
Qxb3 20. axb3 Bb6 $17) 18... cxd5 19. Bf4 {[%csl Ye5] Weiss entfaltet bei
symmetrischer Bauernstellung etwas Initiative. Das Feld e5 ist schwach und der
weissfeldrige schwarze Läufer etwas passiv, denn er ist von den Bauern d5 und
f5 eingeschlossen.} Be6 20. Rac1 {[%cal Gc1c8]} g5 21. Be5 Bxe5 22. dxe5 {
Der schwarze d5-Bauer ist ein wenig schwach, aber der weisse Läufer wird nicht
aktiv.} f4 $1 {Sonst kann Weiss mit Vorteil 23.f4 ziehen.} 23. Kf2 Re8 {
[%cal Ge8e5]} 24. Rd4 Ree7 {Schwarz verteidigt die 7. Reihe und befreit so den
anderen Turm.} 25. Bf1 Rf5 {[%csl Re5]} 26. gxf4 (26. Re1 Bf7 $11) 26... gxf4
27. Bd3 (27. Re1 Bf7 {[%csl Re5]} 28. e6 Rxe6 29. Rxe6 Bxe6 30. Bh3 Re5 31.
Bxe6+ Rxe6 32. Rxd5 $11) 27... Rxe5 28. Rg1+ (28. Rxf4 Rg7 $11) 28... Rg7 29.
Rxg7+ Kxg7 30. Rxf4 {Weiss hat etwas Aktivitaet, denn sein Turm ist etwas
lebendiger und sein Läufer blockiert den d-Bauern und beäugt h7.} Bd7 $5 {
Schwarz schafft seinem Turm Platz und überführt den Läufer nach c6.} (30... h6)
31. h4 Re7 {Der Turm kontrolliert die e-Linie. Daher geht das typische Manöver
Ke3-Kd4 nicht.} 32. Rd4 Bc6 33. b4 {[%cal Rb4b5]} a6 34. Rg4+ Kf6 35. a3 Ke5 {
Der schwarze König steht aktiv im Zentrum und mit folgendem 36...d4 kann der
Nachziehende die Diagonale für den Läufer öffnen.} 36. Ke3 (36. f4+ Kd4 $36)
36... d4+ $1 {Auf diese Weise tauscht Schwarz weiteres Material.} (36... h6 37.
f4+ Kd6+ 38. Kd4 $14 {[%csl Gd4]}) 37. Rxd4 Bxf3 {Schwarz gewinnt das Material
zurück und hat gleiche Chancen. Er muß aber vorsichtig sein, denn alle seine
Bauern stehen auf weissen Feldern.} 38. Rf4 Bc6 39. Rf5+ Kd6+ 40. Kd4 h6 {
Schwarz muss so spielen, sonst gewinnt Weiss den Bauern mit 41.Rh5.} 41. Rf6+
Re6 42. Rf7 (42. Rxe6+ Kxe6 43. Kc5 Bf3 $11 {[%cal Ge6e5,Ge5f4,Gf4g3,Gg3h4]} (
43... Ke5 $2 44. Bxa6 $16)) 42... Re5 {[%cal Ge5h5,Gh5h4]} (42... Re7 43. Rxe7
Kxe7 44. Ke5 $14 {Weiss hat etwas erreicht. Sein König steht aktiv auf e5.})
43. Rf6+ Re6 44. Rf8 Re8 45. Rf4 (45. Rxe8 Bxe8 $11) 45... Re1 {[%cal Ge1a1,
Ga1a3,Ge1d1,Gd1d4]} 46. Rg4 Rd1 (46... Re7 47. Rg6+ Re6 $11) 47. Rg6+ Kc7 48.
Kc3 (48. Rxh6 $4 Bb5 $19 {[%csl Rd3,Rd4]}) 48... Ra1 49. Kb2 (49. Rxh6 Rxa3+
$11) 49... Rd1 50. Kc3 Ra1 51. Rxh6 {Weiss hat nichts besseres, wenn er nicht
sofort Remis will.} Rxa3+ 52. Kd4 Ra4 53. h5 (53. Kc3 Ra3+ $11) 53... a5 $5 {
[%cal Ga4d4]} (53... Rxb4+ 54. Ke5 a5 55. Rf6 $11) 54. Rf6 Rxb4+ 55. Ke5 {
Jetzt hat Schwarz schon einen Bauern mehr, aber die weisse Stellung ist so
aktiv, dass er nicht schlechter steht.} Rb3 56. Kd4 (56. Bf5 a4 $17) 56... Rb4+
(56... a4 57. h6 a3 58. h7 a2 59. Rf1 Rb4+ 60. Bc4 $18) 57. Ke5 Rb3 58. Kd4 {
Und wegen Stellungwiederholung wurde Remis gegeben.} 1/2-1/2

[Event "USA-ch"]
[Site "Modesto"]
[Date "1995.??.??"]
[Round "7"]
[White "Gulko, Boris F"]
[Black "Benjamin, Joel"]
[Result "1-0"]
[WhiteElo "2620"]
[BlackElo "2575"]
[Annotator "Ribli,Z"]
[PlyCount "123"]
[EventDate "1995.11.??"]
[EventType "tourn"]
[EventRounds "13"]
[EventCountry "USA"]
[EventCategory "12"]
[SourceTitle "CBM 051"]
[Source "ChessBase"]
[SourceDate "1996.04.01"]
[SourceVersion "1"]
[SourceVersionDate "1996.04.01"]
[SourceQuality "1"]

1. c4 e5 2. Nc3 d6 3. g3 g6 4. d4 $5 exd4 $146 (4... Nd7 5. Nf3 Bg7 6. Bg2 Ngf6
7. O-O O-O {ECO -E67-69}) 5. Qxd4 Nf6 6. Bg2 (6. Qe3+ $5 Be6 7. Nh3 d5 8. Nf4
d4 9. Nxe6 $16 {Zaichik,G-Ehlvest,J/Komotini op/1992/EXP32/INF55,19/}) 6... Nc6
$2 $146 {Mit dieser Neuerung verliert Schwarz forciert eine Qualitaet. Schwarz
rechnete, dass Weiss mit seine Dame ziehen soll.} (6... Nbd7 7. Nf3 Bg7 8. Qe3+
Qe7 9. Nb5 $14 {Ree,H-Christiansen,L/Wijk aan Zee/1982/INF33,(27)/}) (6... Bg7
7. Qe3+ Qe7 8. Qxe7+ Kxe7 9. Nh3 $1) 7. Bxc6+ $1 {[#] Eine sehr unangenehme
Ueberraschung.} bxc6 8. Bg5 Be7 9. Ne4 Nxe4 10. Qxh8+ Kd7 11. Qxd8+ Kxd8 12.
Bxe7+ Kxe7 13. Nf3 Rb8 14. b3 a5 15. Nd4 Bd7 16. f3 c5 17. Nc2 (17. fxe4 cxd4
18. O-O-O c5 19. e3 dxe3 20. Rhe1 Bc6 21. Rxe3 Ke6 22. Red3 Rd8 23. e5 Kxe5 24.
Re3+ Kf6 (24... Be4 $4 25. Rd5+ $18) 25. Rf1+ Kg7 26. Re7 Be8 27. Ra7 a4 28.
bxa4 Rb8 $16) 17... Ng5 18. Kd2 f5 19. Rab1 Nf7 20. Rhe1 Kf6 21. a3 Be6 22. Kc3
Ne5 23. h3 Kf7 24. Ne3 (24. f4 $5 Nc6 25. b4 axb4+ 26. axb4 cxb4+ 27. Nxb4 Na5
28. Nd5 $18) 24... Nc6 25. Nf1 g5 26. e3 Rg8 27. Nd2 Kf6 28. Rg1 Bf7 29. Rbe1
Rb8 30. g4 $1 {Nach langer Vorbereitung beginnt Weiss die Stellung zuoeffnen.}
Bg6 31. f4 $1 gxf4 32. exf4 Nd4 33. g5+ Kf7 34. Re3 Kf8 35. Rge1 Bf7 36. Re7
Rc8 37. h4 Nc6 38. R7e3 Rb8 39. Rb1 Rb7 40. Nf3 Bh5 41. Ne1 Bf7 42. Nd3 {
Droht /\ b4.} Ra7 43. Rh1 Kg7 (43... Bh5 44. Re6 Nd4 45. Rh6 Bg6 46. h5 $18)
44. h5 Rb7 45. Rh2 Rb8 46. h6+ Kf8 47. Rb2 Ra8 48. b4 $1 axb4+ 49. axb4 cxb4+
50. Nxb4 Ne7 51. Nd3 Ng6 52. Re1 Be8 53. Reb1 Ke7 54. Rb8 Ra3+ 55. R1b3 Ra1 56.
c5 $1 Bf7 57. R3b7 Kd7 58. cxd6 Kxd6 59. Rd8+ Kc6 60. Rb2 Ra3+ 61. Kd4 Ra4+ 62.
Rb4 {Nach seines groben Eroeffnungsfehlers kaempfte Schwarz sehr gut, aber
seine Stellung war immer hoffnungslos. Ribli} 1-0

[Event "EU-ch 4th"]
[Site "Istanbul"]
[Date "2003.06.10"]
[Round "10"]
[White "Marin, Mihail"]
[Black "Dizdarevic, Emir"]
[Result "1-0"]
[WhiteElo "2568"]
[BlackElo "2491"]
[Annotator "Ribli,Z"]
[PlyCount "67"]
[EventDate "2003.05.30"]
[EventType "swiss"]
[EventRounds "13"]
[EventCountry "TUR"]
[SourceTitle "CBM 096"]
[Source "ChessBase"]
[SourceDate "2003.09.25"]
[SourceVersion "1"]
[SourceVersionDate "2003.09.25"]
[SourceQuality "1"]

1. c4 e5 2. Nc3 Bb4 {Mit diesem Läuferzug kann Schwarz die theoretischen
Hauptvarianten vermeiden, aber nach meiner persönlichen Meinung bietet dieser
Zug Schwarz keinen vollen Ausgleich.} 3. Nd5 Be7 {Auch 3...Ba5, 3...Bd6, 3...
Bc5 und 3...a5 kommen in Frage.} 4. d4 d6 5. e4 (5. Nf3 c6 6. Nxe7 Qxe7 7. e3
Nf6 8. Be2 Bg4 $11) 5... Nf6 6. Nxe7 Qxe7 7. f3 {Das ist der Schlüsselzug der
Variante - Weiß verstärkt seine Bauernstellung, und mit seinem Läuferpaar hat
er etwas bessere Aussichten.} exd4 8. Qxd4 Nc6 (8... c5 $6 9. Qd2 Be6 10. Bd3
Nc6 11. Ne2 $14 {1-0 Karpov,A-Illescas Cordoba,M/Dos Hermanas 1994/CBM 41/
[Ftacnik] (51)}) 9. Qc3 (9. Qd1 Nh5 10. g3 f5 11. Bg2 fxe4 12. fxe4 Nf6 13. Bg5
O-O 14. Qe2 h6 15. Bxf6 Qxf6 16. O-O-O Ne5 {0-1 Grant,J-Zueger,B/Ohrid 2001/
CBM 84 (24)}) 9... O-O 10. Ne2 (10. Bg5 Re8 (10... Ne5 11. Ne2 Re8 12. Ng3 h6
13. Bxf6 Qxf6 14. Be2 Nd7 15. Qxf6 Nxf6 16. Kf2 Be6 17. Rhd1 g6 18. Nf1 Nd7 19.
Ne3 {1-0 Williams,S-Buckley,M/Scarborough 2001/CBM 83 ext (40)}) (10... Qe5 11.
Qd2 Re8 12. Ne2 a6 13. Nc3 Be6 14. Rd1 h6 15. Bf4 Qa5 16. Be2 Rab8 17. Nd5 {
1-0 Olarasu,G-Ionescu Brandis,I/Iasi 1999/CBM 73 ext (31)}) 11. Qd2 h6 $13) (
10. Be3 Re8 (10... Nd7 11. Ne2 f5 12. exf5 Re8 13. Kf2 Nde5 14. Ng3 Qf7 15. Be2
Bxf5 16. h3 Be6 17. b3 Ng6 18. Rhe1 Rf8 19. Kg1 Nf4 20. Qd2 Ne5 21. Bxf4 Qxf4
22. Qxf4 Rxf4 23. c5 Rd4 24. cxd6 cxd6 25. Rad1 {1/2-1/2 Ibragimov,I-Kovacevic,
B/Djakovo 1994/EXT 97 (48)}) 11. Ne2 Ne5 12. Nf4 Ng6 13. O-O-O Nxf4 14. Bxf4 a6
15. h4 Be6 16. g4 Nd7 17. g5 b5 {1/2-1/2 Hansen,C-Sokolov,I/Groningen 1995/CBM
51/[Hecht] (72)}) 10... Nd7 {Schwarz möchte f7-f5 vorbereiten. Der Springer
zielt auf das Feld c5.} (10... Nh5 11. g4 Qh4+ 12. Kd1 Nf6 13. Ng3 Be6 14. Be3
Nd7 15. Be2 a5 16. Kd2 Nc5 17. b3 Rfe8 18. Rag1 f6 19. Kc1 (19. Kd1 $5 {/\ g5|^
} b5 $6 20. cxb5 Nb4 21. Bxc5 $1 dxc5 22. a3 Na2 23. Qc2 a4 24. Bc4 $18) 19...
Ra6 20. Kd1 Rb6 21. g5 a4 (21... fxg5 22. Bxg5 Qxg5 23. Nf5 $18) 22. gxf6 g6 (
22... axb3 23. Nf5 b2 24. f7+ $18) 23. Bg5 $1 {Ribli. 1/2-1/2 Lalic,B-Shirov,A/
Moscow 1994/CBM 45/[Ribli] (64)}) 11. Nf4 {[%csl Yd5][%cal Gf4d5] Das d5-Feld
ist ein positionelles Loch in der schwarzen Stellung. Weiß hat das Läuferpaar
und Raumvorteil, aber er muss noch seine Entwicklung beenden.} Nb6 $6 (11...
Qh4+ $5 12. g3 Qd8) (11... f5 $5 12. Nd5 Qh4+ 13. g3 Qd8 14. exf5 Rxf5 $132)
12. a4 (12. Be3 $14) 12... a5 13. Be3 {[%csl Rb6][%cal Re3b6]} Nd7 {[%csl Yc5]
[%cal Gd7c5] Schwarz hat in den letzten Zügen zwei Tempi verloren, aber er hat
nun das "ewige" c5-Feld für seinen Springer.} 14. Nd5 $14 {[%csl Gd5] Der d5N
steht ausgezeichnet und dominiert auf dem ganzen Brett.} Qd8 15. Rd1 {[%cal
Gd1d8]} b6 (15... Nc5 16. Bxc5 dxc5 17. Nb6 Qxd1+ 18. Kxd1 cxb6 $44 {[%cal
Gc6d4] Weiß hat Materialvorteil, aber die schwarze Stellung ist sehr fest und
sein Springer kontrolliert stark das Schlüsselfeld auf d4.}) 16. Bd3 Nc5 17.
Bc2 Be6 18. O-O Bxd5 $5 {Strategisch eine gute Entscheidung von Schwarz - er
tauscht die beste weiße Figur.} 19. cxd5 {Weiß hat eine starke Bauernkette im
Zentrum.} Nb4 {[%csl Gb4,Gc5] Schwarz hat gute Festpunkte mit seinen Springern.
} 20. Bd4 Nxc2 (20... f6 $14) {[#]} 21. Bxg7 $5 $13 {[%mdl 64] Dieser Zug
führt zu großen Komplikationen, wobei Weiß die Initiative hat. Ich glaube, in
einer praktischen Partie ist es schwer, alle Varianten zu kalkulieren.} (21.
Qxc2 $14 {Weiß hat Raumvorteil und Chancen am Königsflügel, aber die schwarze
Stellung ist sehr fest.}) 21... Nb4 (21... Nxa4 22. Qxc2 Kxg7 23. Qxa4 $14 {
[%csl Rg7] Wegen der geschwächten schwarzen Königgstellung hat Weiß etwas
bessere Chancen.}) 22. Bf6 Na2 (22... Nxa4 $5 23. Qd4 (23. Bxd8 Nxc3 24. bxc3
Nxd5 $17) 23... Nc2 (23... c5 24. dxc6 Nxc6 25. Qxa4 Qxf6 26. Qxc6 Qxb2 $13)
24. Qxa4 Qxf6 25. Qxc2 $14) 23. Qd4 Nb3 24. Bxd8 Nxd4 25. Bxc7 $44 {[%csl Rb6,
Gc7,Rd6] Weiß hat schon zwei Bauern für die Figur und sein Läufer steht sehr
aktiv.} Nc2 $6 (25... Ne2+ 26. Kf2 Rfc8 27. Bxd6 Rc2 28. Ke3 Rxb2 29. Rb1 $14)
26. Rf2 Nab4 (26... Ne3 27. Re1 Rfc8 28. Bxd6 $14) 27. Bxd6 Rfc8 28. f4 (28.
Re2 $5 $36 {[%cal Ge4e5]}) 28... Ne3 $4 {[%mdl 8192]} (28... f5 $5 $13) 29. Rf3
$16 {[%csl Re3,Rg8][%cal Rf3g3,Rg3g8] Plötzlich bekommt Weiß starken Angriff
gegen den schwarzen König.} Nc4 30. Rg3+ Kh8 31. Be7 {Droht 32.Bf6#.} h5 32. b3
Na3 33. d6 $18 {Der d-Bauer entscheidet die Partie.} Nac2 34. d7 (34. d7 Rd8
35. Rd6 Kh7 36. Rg5 $18) 1-0

[Event "Linares zt"]
[Site "Linares"]
[Date "1995.??.??"]
[Round "10"]
[White "Marinelli, Tullio"]
[Black "Ribeiro, Fernando"]
[Result "1-0"]
[WhiteElo "2440"]
[BlackElo "2305"]
[Annotator "Ribli,Z"]
[PlyCount "89"]
[EventDate "1995.11.??"]
[EventType "swiss"]
[EventRounds "11"]
[EventCountry "ESP"]
[SourceTitle "CBM 051"]
[Source "ChessBase"]
[SourceDate "1996.04.01"]
[SourceVersion "1"]
[SourceVersionDate "1996.04.01"]
[SourceQuality "1"]

1. d4 d6 2. c4 e5 3. Nc3 exd4 4. Qxd4 Nc6 5. Qd2 Nf6 6. g3 g6 $6 (6... Be6 $1
7. Nd5 (7. e4 Be7 8. b3 $2 Nxe4 $1 9. Nxe4 d5 10. Bg2 Bb4 11. Nc3 d4 12. Bb2
Qf6 13. Nge2 O-O-O $17 {Franco,Z-Romero Holmes,A/Leon/1990/CBM20/INF50,16/})
7... Ne5 8. b3 Ne4 9. Qe3 Nc5 $13 {Huebner,R-Kasparov,G/Hamburg m/1985/INF39,
33/}) 7. Bg2 Bg7 8. b3 O-O 9. Bb2 Re8 10. Nh3 (10. Nf3 Bf5 11. O-O Ne4 12. Nxe4
Bxe4 13. Rfd1 Qe7 14. Bh3 Bxf3 15. exf3 Bxb2 16. Qxb2 Qe5 17. Qd2 Qf6 $10 {
Suba,M-Watson,W/Walsall/1992/CBM32/}) 10... Bxh3 $6 $146 {Diesen Neurung
bringt nur Schwierigkeiten fuer den Nachziehenden.} (10... d5 $1 11. cxd5 Bxh3
12. Bxh3 Nxd5 13. Nxd5 Bxb2 14. Rd1 Bg7 15. Bg2 Nd4 16. e3 c6 17. O-O Ne6 18.
Nf4 Nxf4 19. gxf4 Qb6 $10 {Kanstler,B-Zilberman,Y/Rishon le Zion/1994/CBM45/})
11. Bxh3 Ne4 (11... d5 12. Nxd5 Nxd5 13. Bxg7 Ndb4 14. Qc3 Qd3 15. O-O Qxc3 16.
Bxc3 Rxe2 $14) 12. Nxe4 Bxb2 13. Qxb2 Rxe4 14. Bg2 Re5 15. O-O $14 {Weiss
steht minimal besser, weil sein Laeufer staerker als der schwarze Springer ist.
} Qf8 16. Rad1 Rae8 17. e3 Qg7 18. Rd2 R5e7 19. Qxg7+ Kxg7 20. c5 $1 {[#]} dxc5
(20... Rd8 21. Rfd1 Red7 22. Bxc6 bxc6 23. Rd4 d5 24. Ra4 Ra8 25. Ra6 $18) 21.
Bxc6 bxc6 22. Rc1 {Trotz des Mehrbauern steht Schwarz eindeutig schlechter,
weil sein Damenfluegel komisch aussieht.} Re5 23. Rd7 {Der Nachziehende hat
zwei Moeglichkeiten: 1.Er will seinen Merhbauern behalten, aber dann bleibt
seine Stellung lange passiv 2.Schwarz versucht seine vier Damenfluegelbauern
fuer die gegnerischen zwei zu tauschen, dann er gute Remischancen hat.} a5 (
23... Rc8 24. Rc4 Rd5 $5 25. Re7 $14) 24. Rxc7 a4 25. bxa4 Ra8 26. Rc4 Ra6 27.
g4 {Droht /\ Rf4.} Kf8 28. Kg2 h6 29. Kg3 Re7 30. Rc8+ Kg7 31. Rd8 Rea7 32.
Rxc5 Rxa4 33. Rxc6 Rxa2 {Schwarz hat sein erstes Ziel erreicht. Jetzt soll er
noch einen Turm tauschen.} 34. Rcc8 $1 {Weiss will den schwarzen Koenig
angreiffen.} R2a5 35. Rg8+ Kf6 36. Rc6+ Ke7 37. h4 {>< h6} h5 38. gxh5 Rxh5 (
38... gxh5 39. Rg5 Rxg5+ 40. hxg5 Ra5 41. f4 Ra3 42. Kf3 h4 43. Rh6 $18) 39.
Rcxg6 $1 Ra1 (39... fxg6 40. Rg7+ $18) 40. Rg4 Rg1+ 41. Kh2 Rb1 42. Re4+ Kf6
43. Rf4+ Ke6 44. Re8+ Kd7 45. Rf8 {Ribli} 1-0

[Event "Aruba"]
[Site "Aruba"]
[Date "1992.??.??"]
[Round "3"]
[White "Benko, Pal C"]
[Black "Psakhis, Lev"]
[Result "0-1"]
[WhiteElo "2415"]
[BlackElo "2605"]
[Annotator "Ribli,Z"]
[PlyCount "39"]
[EventDate "1992.03.??"]
[EventType "tourn"]
[EventRounds "9"]
[EventCountry "NAU"]
[EventCategory "11"]
[SourceTitle "CBM 030"]
[Source "ChessBase"]
[SourceDate "1992.10.01"]
[SourceVersion "1"]
[SourceVersionDate "1992.10.01"]
[SourceQuality "1"]

1. c4 e5 2. Nc3 d6 3. d4 exd4 4. Qxd4 Nc6 5. Qd2 Nf6 6. g3 $6 (6. b3 Be6 7. e4
a5 8. Bb2 a4 9. Rd1 axb3 10. axb3 Nd7 $5 11. Nge2 Nc5 12. Nc1 Be7 13. Be2 Bf6
$10 {Anapolsky,S-Sokolov,A Jurmala 1991 CBM/24}) 6... Be6 $1 7. e4 (7. Nd5 Ne5
$1 8. b3 Ne4 9. Qe3 Nc5 $5 10. Bb2 c6 11. Nf4 Ng4 $1 12. Qd4 Ne4 $1 $19 {
Huebner,R-Kasparov,G Hamburg m/1 1985 39/33}) 7... Be7 8. b3 $2 (8. f3 O-O 9.
b3 a5 10. Nge2 a4 11. Rb1 axb3 12. axb3 $13 {Bareev,E-Mokry,K Trnava-A 1989
CBM/12}) 8... Nxe4 $1 9. Nxe4 d5 10. cxd5 (10. Bg2 Bb4 $1 11. Nc3 d4 12. Bb2
Qf6 13. Nge2 O-O-O $17 {Franco,Z-Romero Holmes,A Leon 1990 CBM/20}) 10... Bb4
11. Nc3 Bxd5 12. f3 Qf6 $1 13. Bb2 O-O-O $19 14. Be2 Bxf3 15. Nxf3 Rxd2 16.
Kxd2 Rd8+ 17. Kc2 Qg6+ 18. Kc1 Bc5 19. Nd1 Qe4 20. Re1 (20. Re1 Nb4 $19) 0-1